[Event "EYCC 2024 - O10"]
[Site "?"]
[Date "2024.08.22"]
[Round "1.10"]
[White "Guzdziol, Olaf"]
[Black "Lishoy Gengis Paratazham, Dildarav"]
[Result "0-1"]
[BlackElo "1962"]
[WhiteElo "1635"]
[LiveChessVersion "1.4.8"]

1. e4 {[%clk 1:30:57]} d5 {[%clk 1:30:53]} 2. exd5 {[%clk 1:31:13]} Qxd5
{[%clk 1:31:21]} 3. Nc3 {[%clk 1:31:32]} Qa5 {[%clk 1:31:47]} 4. d4
{[%clk 1:31:38]} Nf6 {[%clk 1:32:11]} 5. Nf3 {[%clk 1:31:28]} c6 {[%clk 1:32:10]}
6. Bf4 {[%clk 1:30:56]} Bf5 {[%clk 1:30:05]} 7. Bc4 {[%clk 1:28:46]} e6
{[%clk 1:29:34]} 8. O-O {[%clk 1:28:02]} Bb4 {[%clk 1:27:11]} 9. Ne2
{[%clk 1:27:03]} O-O {[%clk 1:25:05]} 10. c3 {[%clk 1:26:34]} Be7
{[%clk 1:25:29]} 11. Re1 {[%clk 1:26:14]} c5 {[%clk 1:14:25]} 12. Qb3
{[%clk 1:24:54]} Qb6 {[%clk 1:11:51]} 13. Ng3 {[%clk 1:24:13]} Bg6
{[%clk 1:09:45]} 14. Rad1 {[%clk 1:12:46]} Qxb3 {[%clk 1:09:34]} 15. Bxb3
{[%clk 1:12:54]} Nc6 {[%clk 1:08:12]} 16. d5 {[%clk 1:11:44]} exd5
{[%clk 1:07:54]} 17. Bxd5 {[%clk 1:11:47]} Nxd5 {[%clk 1:07:52]} 18. Rxd5
{[%clk 1:12:10]} Rad8 {[%clk 1:06:04]} 19. Red1 {[%clk 1:11:39]} Nd4
{[%clk 0:59:46]} 20. Rxd8 {[%clk 1:10:48]} Nxf3+ {[%clk 1:00:13]} 21. gxf3
{[%clk 1:11:10]} Rxd8 {[%clk 1:00:36]} 22. Re1 {[%clk 1:11:24]} Kf8
{[%clk 1:00:34]} 23. Re5 {[%clk 1:07:21]} Rd1+ {[%clk 0:59:31]} 24. Kg2
{[%clk 1:07:39]} Bd6 {[%clk 0:59:36]} 25. Re4 {[%clk 1:07:02]} Bxe4
{[%clk 1:00:00]} 26. Bxd6+ {[%clk 1:07:27]} Rxd6 {[%clk 1:00:28]} 27. Nxe4
{[%clk 1:07:46]} Rc6 {[%clk 1:00:39]} 28. Kh3 {[%clk 1:07:50]} f5
{[%clk 1:00:54]} 29. Ng3 {[%clk 1:08:08]} g6 {[%clk 1:00:54]} 30. Kh4
{[%clk 1:08:16]} Re6 {[%clk 1:01:11]} 31. Kg5 {[%clk 1:08:34]} Kg7
{[%clk 1:01:31]} 32. f4 {[%clk 1:08:28]} Re1 {[%clk 1:01:38]} 33. h4
{[%clk 1:08:14]} 0-1

[Event "EYCC 2024 - O10"]
[Site "?"]
[Date "2024.08.22"]
[Round "1.11"]
[White "Szakolczai, Alex"]
[Black "Esmer, Hamza"]
[Result "1-0"]
[BlackElo "1632"]
[WhiteElo "1962"]
[LiveChessVersion "1.4.8"]

1. Nf3 {[%clk 1:30:58]} Nf6 {[%clk 1:30:48]} 2. g3 {[%clk 1:31:20]} g6
{[%clk 1:31:05]} 3. b3 {[%clk 1:31:44]} d5 {[%clk 1:30:58]} 4. Bb2
{[%clk 1:30:49]} c5 {[%clk 1:30:37]} 5. c4 {[%clk 1:30:15]} d4 {[%clk 1:30:49]}
6. d3 {[%clk 1:29:38]} Bg7 {[%clk 1:30:31]} 7. Bg2 {[%clk 1:29:00]} Nc6
{[%clk 1:30:08]} 8. O-O {[%clk 1:28:12]} O-O {[%clk 1:30:14]} 9. e3
{[%clk 1:27:46]} e5 {[%clk 1:29:53]} 10. exd4 {[%clk 1:27:46]} exd4
{[%clk 1:30:12]} 11. a3 {[%clk 1:27:32]} a5 {[%clk 1:30:25]} 12. Nbd2
{[%clk 1:27:42]} Bf5 {[%clk 1:29:54]} 13. Qc2 {[%clk 1:28:02]} Re8
{[%clk 1:27:31]} 14. Rfe1 {[%clk 1:28:17]} a4 {[%clk 1:26:25]} 15. Ng5
{[%clk 1:16:47]} Ne5 {[%clk 1:23:43]} 16. Nge4 {[%clk 1:16:07]} Qb6
{[%clk 1:21:30]} 17. bxa4 {[%clk 1:12:25]} Nxd3 {[%clk 1:19:53]} 18. Qxd3
{[%clk 1:11:08]} Nxe4 {[%clk 1:19:29]} 19. Bxe4 {[%clk 1:09:54]} Bxe4
{[%clk 1:18:51]} 20. Nxe4 {[%clk 1:10:02]} f5 {[%clk 1:18:45]} 21. Rab1
{[%clk 1:08:31]} fxe4 {[%clk 1:18:46]} 22. Rxe4 {[%clk 1:08:52]} Rxe4
{[%clk 1:18:05]} 23. Qxe4 {[%clk 1:09:20]} Qc6 {[%clk 1:18:24]} 24. Qxc6
{[%clk 1:03:44]} bxc6 {[%clk 1:18:29]} 25. Ra1 {[%clk 0:40:32]} Rb8
{[%clk 1:18:26]} 26. Ra2 {[%clk 0:40:24]} Bf6 {[%clk 1:17:34]} 27. Kf1
{[%clk 0:36:20]} Bd8 {[%clk 1:17:26]} 28. Ke2 {[%clk 0:35:47]} Ba5
{[%clk 1:17:05]} 29. Bc1 {[%clk 0:35:28]} Rb3 {[%clk 1:16:25]} 30. Bd2
{[%clk 0:33:34]} Bc3 {[%clk 1:15:34]} 31. Bxc3 {[%clk 0:28:48]} Rxc3
{[%clk 1:15:34]} 32. a5 {[%clk 0:29:09]} Rxc4 {[%clk 1:15:50]} 33. a4
{[%clk 0:29:19]} Rb4 {[%clk 1:16:12]} 34. a6 {[%clk 0:29:36]} Rb8
{[%clk 1:16:35]} 35. Rc2 {[%clk 0:29:56]} Ra8 {[%clk 1:14:58]} 36. Rxc5
{[%clk 0:30:16]} Rxa6 {[%clk 1:15:20]} 37. a5 {[%clk 0:30:35]} Kf7
{[%clk 1:15:17]} 38. Kd3 {[%clk 0:30:57]} Ke7 {[%clk 1:15:18]} 39. Kxd4
{[%clk 0:31:17]} Kd6 {[%clk 1:15:33]} 40. Rg5 {[%clk 0:30:44]} Ra7
{[%clk 1:15:23]} 41. Kc4 {[%clk 0:30:53]} Re7 {[%clk 1:15:02]} 42. f4
{[%clk 0:28:43]} Re4+ {[%clk 1:14:48]} 43. Kd3 {[%clk 0:28:23]} Ra4
{[%clk 1:15:04]} 44. h4 {[%clk 0:27:35]} Ke6 {[%clk 1:14:06]} 45. Ke3
{[%clk 0:26:30]} Ra3+ {[%clk 1:13:49]} 46. Ke4 {[%clk 0:26:30]} Ra4+
{[%clk 1:14:07]} 47. Kf3 {[%clk 0:26:47]} Kd6 {[%clk 1:12:56]} 48. h5
{[%clk 0:26:39]} gxh5 {[%clk 1:12:33]} 49. Rxh5 {[%clk 0:26:49]} c5
{[%clk 1:12:46]} 50. a6 {[%clk 0:27:13]} c4 {[%clk 1:12:48]} 51. Rxh7
{[%clk 0:27:21]} c3 {[%clk 1:13:01]} 52. Ke3 {[%clk 0:27:36]} Kd5
{[%clk 1:12:06]} 53. Rc7 {[%clk 0:26:17]} Ra3 {[%clk 1:09:53]} 54. a7
{[%clk 0:26:18]} Kd6 {[%clk 1:08:34]} 55. Rc8 {[%clk 0:26:14]} Rxa7
{[%clk 1:07:47]} 56. Rxc3 {[%clk 0:26:35]} Ke6 {[%clk 1:07:42]} 57. g4
{[%clk 0:26:26]} Rh7 {[%clk 1:07:43]} 58. Ke4 {[%clk 0:26:44]} Rh4
{[%clk 1:08:06]} 59. Rc6+ {[%clk 0:26:48]} Kf7 {[%clk 1:08:21]} 60. Kf5
{[%clk 0:27:10]} Rh2 {[%clk 1:08:06]} 61. Rc7+ {[%clk 0:27:10]} Kf8
{[%clk 1:07:50]} 62. Kg6 {[%clk 0:26:59]} Rf2 {[%clk 1:07:57]} 63. f5
{[%clk 0:27:20]} Rg2 {[%clk 1:08:05]} 64. g5 {[%clk 0:27:42]} Ke8
{[%clk 1:07:24]} 65. f6 {[%clk 0:28:04]} Rf2 {[%clk 1:07:23]} 66. f7+
{[%clk 0:28:00]} Kf8 {[%clk 1:07:37]} 67. Rc8+ {[%clk 0:28:14]} Ke7
{[%clk 1:07:51]} 68. Re8+ {[%clk 0:28:36]} Kd7 {[%clk 1:07:41]} 69. f8=Q
{[%clk 0:28:59]} Rg2 {[%clk 1:07:26]} 70. Re7+ {[%clk 0:28:56]} Kd6
{[%clk 1:07:38]} 71. Qd8+ {[%clk 0:29:18]} Kc6 {[%clk 1:08:01]} 72. Rc7+
{[%clk 0:29:43]} Kb6 {[%clk 1:08:22]} 73. Qb8+ 1-0

[Event "EYCC 2024 - O10"]
[Site "?"]
[Date "2024.08.22"]
[Round "1.12"]
[White "Bucek, Vit"]
[Black "Steinbrenner, Peter"]
[Result "0-1"]
[BlackElo "1951"]
[WhiteElo "1629"]
[LiveChessVersion "1.4.8"]

1. e4 {[%clk 1:30:59]} c5 {[%clk 1:30:40]} 2. Nf3 {[%clk 1:31:24]} d6
{[%clk 1:31:01]} 3. d4 {[%clk 1:31:50]} cxd4 {[%clk 1:31:23]} 4. Nxd4
{[%clk 1:32:14]} Nf6 {[%clk 1:31:49]} 5. Nc3 {[%clk 1:32:34]} a6 {[%clk 1:32:14]}
6. f3 {[%clk 1:30:50]} e5 {[%clk 1:30:41]} 7. Nb3 {[%clk 1:29:25]} Be6
{[%clk 1:30:50]} 8. Be3 {[%clk 1:29:23]} Be7 {[%clk 1:30:51]} 9. Qd2
{[%clk 1:28:58]} h5 {[%clk 1:30:58]} 10. O-O-O {[%clk 1:26:24]} Nbd7
{[%clk 1:30:53]} 11. h3 {[%clk 1:22:39]} b5 {[%clk 1:27:51]} 12. Nd5
{[%clk 1:10:33]} Bxd5 {[%clk 1:24:48]} 13. exd5 {[%clk 1:10:20]} Rc8
{[%clk 1:21:36]} 14. Na5 {[%clk 1:07:15]} Nxd5 {[%clk 1:14:26]} 15. Qxd5
{[%clk 0:47:13]} Qxa5 {[%clk 1:14:49]} 16. Kb1 {[%clk 0:46:31]} Qc7
{[%clk 1:12:03]} 17. Rc1 {[%clk 0:44:12]} Nf6 {[%clk 1:08:43]} 18. Qd2
{[%clk 0:42:55]} d5 {[%clk 1:03:57]} 19. Bg5 {[%clk 0:37:18]} O-O
{[%clk 0:46:23]} 20. Bxf6 {[%clk 0:35:21]} Bxf6 {[%clk 0:46:13]} 21. Qxd5
{[%clk 0:33:22]} Bg5 {[%clk 0:45:28]} 22. Bd3 {[%clk 0:27:12]} Bxc1
{[%clk 0:42:07]} 23. Rxc1 {[%clk 0:27:32]} Rfd8 {[%clk 0:39:10]} 24. Qe4
{[%clk 0:27:04]} g6 {[%clk 0:37:40]} 25. g4 {[%clk 0:22:17]} h4 {[%clk 0:34:18]}
26. g5 {[%clk 0:08:17]} Qc6 {[%clk 0:31:47]} 27. Qe2 {[%clk 0:07:28]} Qc5
{[%clk 0:25:38]} 28. Re1 {[%clk 0:06:21]} Qd4 {[%clk 0:23:34]} 29. a3
{[%clk 0:05:46]} Rc5 {[%clk 0:17:56]} 30. Qd2 {[%clk 0:03:13]} Qf4
{[%clk 0:14:06]} 31. Qg2 {[%clk 0:03:27]} Qg3 {[%clk 0:12:16]} 32. Qxg3
{[%clk 0:03:11]} hxg3 {[%clk 0:12:26]} 33. Rg1 {[%clk 0:03:26]} e4
{[%clk 0:11:49]} 34. Bxe4 {[%clk 0:03:48]} Rxg5 {[%clk 0:12:07]} 35. f4
{[%clk 0:03:47]} Rc5 {[%clk 0:11:00]} 36. Rxg3 {[%clk 0:03:51]} Rd4
{[%clk 0:10:50]} 37. Bb7 {[%clk 0:03:48]} a5 {[%clk 0:10:40]} 38. Rf3
{[%clk 0:03:48]} Rf5 {[%clk 0:08:22]} 0-1

[Event "EYCC 2024 - O10"]
[Site "?"]
[Date "2024.08.22"]
[Round "1.13"]
[White "Zhang, Junyi"]
[Black "Perez Ruiz, Diego"]
[Result "1-0"]
[BlackElo "1627"]
[WhiteElo "1936"]
[LiveChessVersion "1.4.8"]

1. e4 {[%clk 1:30:51]} c5 {[%clk 1:30:45]} 2. Nf3 {[%clk 1:31:16]} Nc6
{[%clk 1:31:03]} 3. d4 {[%clk 1:31:29]} cxd4 {[%clk 1:31:11]} 4. Nxd4
{[%clk 1:31:55]} Nf6 {[%clk 1:31:01]} 5. Nc3 {[%clk 1:32:18]} e5 {[%clk 1:30:20]}
6. Ndb5 {[%clk 1:32:12]} d6 {[%clk 1:30:02]} 7. Nd5 {[%clk 1:32:21]} Nxd5
{[%clk 1:30:07]} 8. exd5 {[%clk 1:32:46]} Nb8 {[%clk 1:29:43]} 9. c4
{[%clk 1:32:12]} Bd7 {[%clk 1:27:13]} 10. Nc3 {[%clk 1:28:23]} a5
{[%clk 1:24:39]} 11. Be3 {[%clk 1:27:53]} Be7 {[%clk 1:14:01]} 12. Qd2
{[%clk 1:24:48]} b6 {[%clk 1:06:09]} 13. Bd3 {[%clk 1:22:14]} Na6
{[%clk 1:01:08]} 14. O-O {[%clk 1:21:10]} O-O {[%clk 0:58:23]} 15. Rae1
{[%clk 1:16:45]} f5 16. f3 {[%clk 1:14:08]} f4 {[%clk 0:44:08]} 17. Bf2
{[%clk 1:14:30]} Bh4 {[%clk 0:40:48]} 18. Ne4 {[%clk 0:59:37]} Bxf2+ 19. Rxf2
{[%clk 0:58:06]} Bf5 {[%clk 0:31:26]} 20. Nc3 {[%clk 0:57:25]} Nc5
{[%clk 0:27:53]} 21. Bxf5 {[%clk 0:55:01]} Rxf5 {[%clk 0:27:30]} 22. Ne4
{[%clk 0:55:14]} Nxe4 {[%clk 0:27:00]} 23. fxe4 {[%clk 0:53:41]} Rg5
{[%clk 0:24:00]} 24. Rf3 {[%clk 0:53:16]} Qf6 {[%clk 0:20:04]} 25. Qf2
{[%clk 0:48:51]} Rb8 {[%clk 0:16:14]} 26. Kh1 {[%clk 0:42:24]} Rh5
{[%clk 0:09:48]} 27. g3 {[%clk 0:39:35]} fxg3 {[%clk 0:08:42]} 28. Qxg3
{[%clk 0:39:25]} Qh4 {[%clk 0:07:41]} 29. Qxh4 {[%clk 0:34:31]} Rxh4
{[%clk 0:08:03]} 30. Rb3 {[%clk 0:33:49]} Rh6 {[%clk 0:06:56]} 31. Rb5
{[%clk 0:33:15]} Rh3 {[%clk 0:05:06]} 32. a4 {[%clk 0:30:12]} Kf7
{[%clk 0:02:25]} 33. b4 {[%clk 0:23:51]} Rb3 {[%clk 0:01:27]} 34. bxa5
{[%clk 0:23:29]} Rxb5 {[%clk 0:01:20]} 35. cxb5 {[%clk 0:22:16]} bxa5
{[%clk 0:00:47]} 36. Rc1 {[%clk 0:22:42]} Ra8 {[%clk 0:00:46]} 37. Rc6
{[%clk 0:22:53]} Ke7 {[%clk 0:00:45]} 38. Rc7+ {[%clk 0:23:19]} Kf8
{[%clk 0:00:37]} 39. b6 {[%clk 0:23:27]} 1-0

[Event "EYCC 2024 - O10"]
[Site "?"]
[Date "2024.08.22"]
[Round "1.14"]
[White "Krivka, Lukas"]
[Black "Larion, Iustin"]
[Result "0-1"]
[BlackElo "1902"]
[WhiteElo "1625"]
[LiveChessVersion "1.4.8"]

1. d4 {[%clk 1:30:55]} Nf6 {[%clk 1:30:22]} 2. c4 {[%clk 1:31:14]} e6
{[%clk 1:30:47]} 3. Nf3 {[%clk 1:31:26]} d5 {[%clk 1:31:09]} 4. cxd5
{[%clk 1:31:15]} exd5 {[%clk 1:31:27]} 5. Nc3 {[%clk 1:31:23]} c5
{[%clk 1:31:39]} 6. Bg5 {[%clk 1:29:08]} Be6 {[%clk 1:31:12]} 7. e3
{[%clk 1:27:26]} c4 {[%clk 1:31:01]} 8. Be2 {[%clk 1:25:34]} Nbd7
{[%clk 1:28:53]} 9. O-O {[%clk 1:23:49]} Bb4 {[%clk 1:28:44]} 10. Qc2
{[%clk 1:21:58]} O-O {[%clk 1:23:52]} 11. a3 {[%clk 1:18:23]} Bxc3
{[%clk 1:17:57]} 12. bxc3 {[%clk 1:17:51]} Qa5 {[%clk 1:15:12]} 13. Nd2
{[%clk 1:14:38]} Rfe8 {[%clk 1:08:04]} 14. Rfe1 {[%clk 1:04:32]} h6
{[%clk 1:04:31]} 15. Bf4 {[%clk 0:57:02]} Nf8 {[%clk 0:59:28]} 16. Bd6
{[%clk 0:46:01]} Ng6 {[%clk 0:59:15]} 17. Bb4 {[%clk 0:46:21]} Qc7
{[%clk 0:59:09]} 18. a4 {[%clk 0:45:50]} Qd7 {[%clk 0:58:47]} 19. a5
{[%clk 0:41:22]} Bf5 {[%clk 0:58:05]} 20. Qa4 {[%clk 0:39:27]} Qc7
{[%clk 0:56:57]} 21. h3 Ne4 {[%clk 0:53:12]} 22. Nxe4 {[%clk 0:36:20]} Bxe4
{[%clk 0:51:23]} 23. Qd1 {[%clk 0:34:12]} Qd8 {[%clk 0:47:37]} 24. Bf3
{[%clk 0:33:53]} Qg5 {[%clk 0:47:50]} 25. Bxe4 {[%clk 0:26:02]} Rxe4
{[%clk 0:45:42]} 26. Bd6 {[%clk 0:21:32]} Rae8 27. Qf3 {[%clk 0:21:01]} R8e6
{[%clk 0:43:47]} 28. Qg3 {[%clk 0:21:06]} Qd8 {[%clk 0:34:36]} 29. Bb4 Nh4 30. f3
{[%clk 0:14:41]} Rxe3 {[%clk 0:34:27]} 31. Rxe3 {[%clk 0:15:04]} Rxe3
{[%clk 0:34:50]} 32. Re1 {[%clk 0:15:11]} Qg5 {[%clk 0:34:02]} 33. Rxe3
{[%clk 0:13:48]} Qxg3 {[%clk 0:34:15]} 34. Re8+ {[%clk 0:12:00]} Kh7
{[%clk 0:34:44]} 35. Re2 {[%clk 0:12:04]} Nxf3+ {[%clk 0:34:31]} 36. Kf1
{[%clk 0:12:29]} Ng5 {[%clk 0:34:47]} 37. Rf2 {[%clk 0:11:47]} Qd3+
{[%clk 0:35:08]} 38. Kg1 {[%clk 0:11:50]} Qe3 {[%clk 0:35:37]} 39. Kf1 Ne4 0-1

[Event "EYCC 2024 - O10"]
[Site "?"]
[Date "2024.08.22"]
[Round "1.15"]
[White "Fuentes De Nova, Sebastian"]
[Black "Liu, Murray"]
[Result "1-0"]
[BlackElo "1625"]
[WhiteElo "1896"]
[LiveChessVersion "1.4.8"]

1. d4 {[%clk 1:30:44]} Nf6 {[%clk 1:30:43]} 2. c4 {[%clk 1:31:03]} e6
{[%clk 1:31:07]} 3. Nc3 {[%clk 1:31:26]} Bb4 {[%clk 1:31:31]} 4. Qc2
{[%clk 1:31:47]} O-O {[%clk 1:31:54]} 5. e4 {[%clk 1:32:10]} d6 {[%clk 1:32:14]}
6. Bg5 {[%clk 1:31:19]} h6 {[%clk 1:31:19]} 7. Bh4 {[%clk 1:31:38]} Nc6
{[%clk 1:26:30]} 8. Nf3 {[%clk 1:29:13]} e5 {[%clk 1:20:32]} 9. dxe5
{[%clk 1:27:38]} dxe5 {[%clk 1:17:56]} 10. Rd1 {[%clk 1:27:51]} Qe7
{[%clk 1:17:41]} 11. Bxf6 {[%clk 1:23:11]} Qxf6 {[%clk 1:17:51]} 12. a3
{[%clk 1:23:38]} Bxc3+ {[%clk 1:17:54]} 13. Qxc3 {[%clk 1:23:59]} Bg4
{[%clk 1:18:00]} 14. Be2 {[%clk 1:23:15]} Rad8 {[%clk 1:16:08]} 15. Rd5
{[%clk 1:20:57]} Nd4 {[%clk 1:11:14]} 16. Nxd4 {[%clk 1:18:13]} exd4
{[%clk 1:09:42]} 17. Qd3 {[%clk 1:18:30]} Bxe2 {[%clk 1:06:47]} 18. Kxe2
{[%clk 1:18:38]} Rxd5 {[%clk 1:05:55]} 19. cxd5 {[%clk 1:18:45]} Re8
{[%clk 1:00:35]} 20. f3 {[%clk 1:18:49]} Qb6 {[%clk 0:59:35]} 21. b4
{[%clk 1:17:38]} Rc8 {[%clk 0:58:51]} 22. Rd1 {[%clk 1:14:44]} c5
{[%clk 0:54:42]} 23. dxc6 {[%clk 1:09:32]} Rxc6 {[%clk 0:54:20]} 24. Qxd4
{[%clk 1:09:38]} Rc2+ {[%clk 0:53:53]} 25. Kf1 {[%clk 1:09:54]} Qc6
{[%clk 0:52:25]} 26. Qd5 {[%clk 1:04:11]} Qa6+ {[%clk 0:52:09]} 27. Qd3
{[%clk 1:04:31]} Qc6 {[%clk 0:52:08]} 28. Qd8+ {[%clk 1:04:38]} Kh7
{[%clk 0:52:22]} 29. Qd5 {[%clk 1:04:58]} Qa6+ {[%clk 0:52:32]} 30. Kg1
{[%clk 1:04:30]} Kg8 {[%clk 0:50:49]} 31. Qd8+ {[%clk 0:56:44]} Kh7
{[%clk 0:50:41]} 32. Qd7 {[%clk 0:56:35]} Qb6+ {[%clk 0:49:34]} 33. Kh1
{[%clk 0:56:25]} Qg6 {[%clk 0:48:53]} 34. g3 {[%clk 0:53:03]} Kg8
{[%clk 0:47:31]} 35. Qxb7 {[%clk 0:44:38]} Qh5 {[%clk 0:44:01]} 36. Qb8+
{[%clk 0:45:00]} Kh7 {[%clk 0:44:11]} 37. g4 {[%clk 0:45:24]} Qh3
{[%clk 0:42:50]} 38. Qg3 {[%clk 0:45:45]} Rxh2+ {[%clk 0:42:13]} 39. Qxh2
{[%clk 0:45:37]} Qxf3+ {[%clk 0:42:34]} 40. Qg2 {[%clk 0:45:44]} Qxd1+
{[%clk 0:42:29]} 41. Kh2 {[%clk 0:45:57]} Qd6+ {[%clk 0:42:44]} 42. Qg3
{[%clk 0:45:50]} Qa6 {[%clk 0:42:12]} 43. Qf3 {[%clk 0:42:44]} Qd6+
{[%clk 0:41:47]} 44. Kh1 {[%clk 0:41:26]} Qe7 {[%clk 0:41:29]} 45. Kg2
{[%clk 0:41:06]} Qc7 {[%clk 0:39:02]} 46. Qf2 {[%clk 0:37:37]} Qe7
{[%clk 0:37:59]} 47. Qf5+ {[%clk 0:33:44]} Kg8 {[%clk 0:37:03]} 48. Qf4
{[%clk 0:29:54]} Qe6 {[%clk 0:35:52]} 49. Kf3 {[%clk 0:29:59]} Qb3+
{[%clk 0:36:00]} 50. Qe3 {[%clk 0:30:01]} Qd1+ {[%clk 0:36:01]} 51. Kg3
{[%clk 0:29:39]} Qa4 {[%clk 0:34:59]} 52. Qc3 {[%clk 0:27:20]} Qa6
{[%clk 0:34:01]} 53. Kf2 {[%clk 0:27:19]} Qb6+ {[%clk 0:33:56]} 54. Kg2
{[%clk 0:27:05]} Qe6 {[%clk 0:32:45]} 55. Kf3 {[%clk 0:27:17]} Qa6
{[%clk 0:32:48]} 56. Qe3 {[%clk 0:26:29]} Qf6+ {[%clk 0:32:07]} 57. Kg2
{[%clk 0:26:18]} Qb2+ {[%clk 0:30:31]} 58. Kg3 {[%clk 0:26:35]} Qe5+
{[%clk 0:30:23]} 59. Kg2 {[%clk 0:26:33]} Qb2+ {[%clk 0:30:46]} 60. Kh3
{[%clk 0:25:34]} a6 {[%clk 0:30:21]} 61. Kg3 {[%clk 0:25:08]} Qe5+
{[%clk 0:30:20]} 62. Kg2 {[%clk 0:23:56]} Qb2+ {[%clk 0:30:41]} 63. Kh3
{[%clk 0:24:17]} Qf6 {[%clk 0:30:38]} 64. Qd3 {[%clk 0:23:30]} Qe6
{[%clk 0:30:13]} 65. Qd8+ {[%clk 0:22:35]} Kh7 {[%clk 0:29:08]} 66. Qd5
{[%clk 0:22:32]} Qe8 {[%clk 0:25:05]} 67. e5 {[%clk 0:20:22]} Qe7
{[%clk 0:21:48]} 68. Qd3+ {[%clk 0:18:34]} Kg8 {[%clk 0:19:46]} 69. Qxa6
{[%clk 0:18:39]} Qc7 {[%clk 0:18:32]} 70. Qa8+ {[%clk 0:18:37]} Kh7
{[%clk 0:18:49]} 71. Qf3 {[%clk 0:18:26]} Kg8 {[%clk 0:18:54]} 72. Qe3
{[%clk 0:18:25]} Qc6 {[%clk 0:18:54]} 73. Kg3 {[%clk 0:16:33]} Qb5
{[%clk 0:18:01]} 74. e6 {[%clk 0:14:53]} Qb8+ {[%clk 0:17:37]} 75. Qf4
{[%clk 0:15:07]} Qxf4+ {[%clk 0:16:43]} 76. Kxf4 {[%clk 0:15:32]} fxe6
{[%clk 0:17:05]} 77. b5 1-0

[Event "EYCC 2024 - O10"]
[Site "?"]
[Date "2024.08.22"]
[Round "1.16"]
[White "Rabiej, Mateusz"]
[Black "Nakonechnyi, Oleksii"]
[Result "0-1"]
[BlackElo "1891"]
[WhiteElo "1622"]
[LiveChessVersion "1.4.8"]

1. c4 {[%clk 1:30:58]} Nf6 {[%clk 1:30:52]} 2. g3 {[%clk 1:31:18]} e6
{[%clk 1:31:13]} 3. Bg2 {[%clk 1:31:35]} c5 {[%clk 1:31:29]} 4. Nc3
{[%clk 1:30:52]} Nc6 {[%clk 1:31:48]} 5. e3 {[%clk 1:30:26]} d6 {[%clk 1:30:18]}
6. Nge2 {[%clk 1:30:05]} Be7 {[%clk 1:29:54]} 7. O-O {[%clk 1:29:05]} O-O
{[%clk 1:30:19]} 8. d4 {[%clk 1:28:07]} cxd4 {[%clk 1:30:39]} 9. exd4
{[%clk 1:27:56]} Qc7 {[%clk 1:29:10]} 10. b3 {[%clk 1:26:42]} a6 {[%clk 1:29:14]}
11. Bb2 {[%clk 1:25:46]} Nb8 {[%clk 1:29:00]} 12. Rc1 {[%clk 1:23:33]} Nbd7
{[%clk 1:29:15]} 13. Nf4 {[%clk 1:21:52]} Rd8 {[%clk 1:28:46]} 14. Re1
{[%clk 1:18:31]} Nf8 {[%clk 1:28:13]} 15. Kh1 {[%clk 1:13:56]} Rb8
{[%clk 1:27:53]} 16. Qc2 {[%clk 1:10:48]} b6 {[%clk 1:27:45]} 17. a4
{[%clk 1:06:22]} Bb7 {[%clk 1:27:11]} 18. d5 {[%clk 1:05:58]} e5 {[%clk 1:27:31]}
19. Nd3 {[%clk 1:06:15]} Ng6 {[%clk 1:27:11]} 20. Nb4 {[%clk 1:04:17]} Ra8
{[%clk 1:23:46]} 21. Ra1 {[%clk 1:02:56]} Re8 {[%clk 1:23:44]} 22. Nc6
{[%clk 0:58:11]} Bf8 {[%clk 1:23:59]} 23. b4 {[%clk 0:57:53]} Ne7
{[%clk 1:22:42]} 24. c5 {[%clk 0:50:37]} Nxc6 {[%clk 1:21:00]} 25. dxc6
{[%clk 0:47:17]} Bxc6 {[%clk 1:21:21]} 26. cxb6 {[%clk 0:46:06]} Qxb6
{[%clk 1:21:21]} 27. Bxc6 Qxc6+ {[%clk 1:21:46]} 28. Kg1 {[%clk 0:46:09]} d5
{[%clk 1:21:58]} 29. b5 {[%clk 0:44:54]} Qc4 {[%clk 1:22:12]} 30. Qe2
{[%clk 0:44:17]} Qxe2 {[%clk 1:18:06]} 31. Rxe2 {[%clk 0:44:10]} d4
{[%clk 1:18:22]} 32. Ne4 {[%clk 0:42:43]} Nxe4 {[%clk 1:17:44]} 33. Rxe4
{[%clk 0:43:02]} axb5 {[%clk 1:18:09]} 34. axb5 {[%clk 0:43:21]} Rxa1+
{[%clk 1:18:17]} 35. Bxa1 {[%clk 0:43:34]} Ra8 {[%clk 1:18:03]} 36. Bxd4
{[%clk 0:40:48]} exd4 {[%clk 1:18:24]} 37. Rxd4 {[%clk 0:41:12]} Ra1+
{[%clk 1:18:27]} 38. Kg2 {[%clk 0:41:33]} Rb1 {[%clk 1:18:49]} 39. Rd5
{[%clk 0:41:24]} Rb3 {[%clk 1:19:00]} 40. h4 {[%clk 0:40:27]} g6 {[%clk 1:18:13]}
41. h5 {[%clk 0:39:30]} Kg7 {[%clk 1:18:14]} 42. hxg6 {[%clk 0:36:52]} hxg6
{[%clk 1:18:41]} 43. f4 {[%clk 0:36:13]} Kf6 {[%clk 1:18:29]} 44. Rd8
{[%clk 0:33:50]} Bb4 {[%clk 1:17:27]} 45. g4 {[%clk 0:29:18]} Ba5
{[%clk 1:14:59]} 46. Rb8 {[%clk 0:25:00]} Bc7 {[%clk 1:14:55]} 47. g5+
{[%clk 0:23:28]} Ke6 {[%clk 1:14:59]} 48. Re8+ {[%clk 0:22:28]} Kd7
{[%clk 1:15:27]} 49. Re4 {[%clk 0:22:09]} Rxb5 {[%clk 1:15:50]} 50. Kf3
{[%clk 0:21:44]} Rf5 {[%clk 1:15:54]} 51. Ke3 {[%clk 0:21:52]} Bd6
{[%clk 1:15:21]} 52. Rc4 {[%clk 0:17:45]} Ke6 {[%clk 1:15:30]} 53. Re4+
{[%clk 0:17:33]} Kd5 {[%clk 1:15:51]} 54. Ra4 {[%clk 0:17:28]} Bxf4+
{[%clk 1:16:14]} 55. Rxf4 {[%clk 0:17:35]} Rxf4 {[%clk 1:16:37]} 56. Kxf4
{[%clk 0:17:58]} Kd4 {[%clk 1:17:04]} 0-1